Bravo - The Hits 2024 - Statistiken

Allgemein
  • Dieses Quiz wurde 42 mal gespielt
  • Das Durchschnittsergebnis liegt bei 19 aus 48
Antwortstatistiken
Song Interpret % Korrekt
Vempa (FRX202445570) FOURTY & Bausa
100%
Espresso Sabrina Carpenter
86%
Taste Sabrina Carpenter
86%
Die With A Smile Lady Gaga & Bruno Mars
83%
Birds Of A Feather Billie Eilish
81%
LUNCH Billie Eilish
81%
Bauch Beine Po Shirin David
81%
Nina Nina Chuba
72%
Dancing In The Flames The Weeknd
69%
The Emptiness Machine Linkin Park
58%
Beautiful Things Benson Boone
56%
greedy Tate McRae
50%
Too Sweet Hozier
47%
Fire (Official UEFA EURO 2024 Song) Meduza, OneRepublic, Leony
47%
Not Like Us Kendrick Lamar
44%
Unwritten Natasha Bedingfield
44%
yes, and? Ariana Grande
42%
we can't be friends (wait for your love) Ariana Grande
42%
I Don't Wanna Wait David Guetta & OneRepublic
42%
wie du manchmal fehlst Zartmann, Ski Aggu, Dauer
42%
Waking Up Felix Jaehn & Leony
39%
Mama hat gesagt SDP, Sido, Esther Graf
36%
Why Why Why Shawn Mendes
36%
Good Luck, Babe! Chappell Roan
33%
feelslikeimfallinginlove Coldplay
33%
I Had Some Help Post Malone Feat. Morgan Wallen
33%
Tempo Sampagne, badchieff, CRO
33%
Lose Control Teddy Swims
33%
Austin Dasha
31%
End of Beginning Djo
31%
I Like The Way You Kissed Me Artemas
25%
Belong Together Mark Ambor
25%
Stumblin' In CYRIL
22%
Stargazing Myles Smith
22%
Lovin On Me Jack Harlow
19%
Selfish Justin Timberlake
19%
I Love You, I'm Sorry Gracie Abrams
17%
Whatever Kygo, Ava Max
17%
Stick Season Noah Kahan
17%
Für immer Frühling Soffie
17%
Overdrive Ofenbach Feat. Norma Jean Martine
14%
I Adore You HUGEL, Topic, Arash Feat. Daecolm
8%
Pedro Jaxomy x Agatino Romero x Raffaella Carrà
8%
Si Antes Te Hubiera Conocido Karol G.
8%
Black Friday (pretty like the sun) Lost Frequencies, Tom Odell
8%
Starboy Luciano x Jazeek
8%
Honey Boy Purple Disco Machine & Benjamin Ingrosso feat. Nile Rodgers & Shenseea
8%
Scared To Start Michael Marcagi
6%
Keine übereinstimmenden Quizze gefunden
Verteilung der Resultate
Anzahl Personen mit jedem Resultat
Perzentil nach korrekt beantworteten Fragen
Ihre Resultats-Entwicklung
Sie haben dieses Quiz noch nicht gespielt